Zwycięzcy Mundialu gdyby był sprawiedliwy - Statystyki

Ogólne statystyki
  • Ten quiz został rozwiązany 311 razy
  • Średni wynik to 19 z 22
Statystyki odpowiedzi
Mundial Zasłużony zwycięzca % Poprawnych
1950 Argentyna (genialne pokolenie zniszczone przez politykę)
98%
1986 Argentyna (one man show Maradony)
98%
2018 Francja (drużyna kompletna z Mbappe przypominającym młodego Pelego)
98%
1998 Francja (świetnie zbalansowana drużyna na czele z Zidanem)
98%
1962 Brazylia (one man show Garrinchy, bez konkurencji)
94%
1958 Brazylia (Pele!... ale równie dobrze mogłaby wygrać równie pięknie grająca Francja)
94%
1970 Brazylia (starszy Pele z nowymi partnerami, równie doskonała drużyna co '58)
94%
2002 Brazylia (trio Ronaldinho-Ronaldo-Rivaldo, nic nie trzeba dodać)
94%
1982 Brazylia (po prostu Zico)
94%
1990 Niemcy (niech mają ten jeden puchar drewniaki)
94%
2010 Hiszpania (chory środek pola)
92%
2006 Włochy (kolejne niesamowite włoskie pokolenie)
92%
1994 Włochy (najlepsza w historii para obrońców i Baggio z przodu)
92%
1930 Urugwaj (zwieńczenie dominacji w latach 20., nie mam pytań)
91%
1978 Polska (większość gwiazd z MŚ '74, a do tego Lubański, Deyna, Nawałka... All-Star)
90%
1974 Holandia (obok Węgier '54 najlepsza drużyna bez pucharu, jak do tego doszło nie wiem)
80%
2014 Holandia (Van Gaal mastermind 200iq)
80%
1966 Portugalia (prime Eusebio)
77%
2022 Portugalia (po finale z Argentyną, górą mocniejsza drużyna i goat CR7 ez)
77%
1954 Węgry (po prostu Złota Jedenastka)
60%
1938 Węgry (Szkoła naddunajska nadal najlepsza)
60%
1934 Austria (Wunderteam z genialnymi Sindelarem i Bicanem)
29%
Nie znaleziono quizów pasujących do podanych kryteriów
Rozkład punktacji
Procent ludzi z każdym wynikiem
Percentyl według liczby udzielonych odpowiedzi
Twoja historia wyników
Nie rozwiązałeś tego quizu